| 000 | 01583cam a2200277Ii 4500 | ||
|---|---|---|---|
| 001 | piratesghost00robe | ||
| 003 | CaSfIA | ||
| 005 | 20210118210536.0 | ||
| 007 | cr|||| | ||
| 008 | 761015t19711938nyu 000 1 eng d | ||
| 040 |
_aMNL _cMNL _dBUF _dCaSfIA |
||
| 035 | _a(OCoLC)2505521 | ||
| 050 | 4 |
_aPS3535.O211 _bP37 1971 |
|
| 092 | _afic | ||
| 100 | 1 | _aRobeson, Kenneth. | |
| 245 | 1 | 4 |
_aThe pirate's ghost / _h[electronic resource] _cby Kenneth Robeson. |
| 260 |
_aNew York : _bBantam, _c1971, c1966. |
||
| 300 |
_a135 p. ; _c18 cm. |
||
| 490 | 0 |
_aA Doc Savage adventure ; _v62 |
|
| 505 | 0 | 0 |
_gI. _tOld one of the dessert -- _gII. _tThe man-captive -- _gIII. _tHoke McGee -- _gIV. _tBig ape and pig man -- _gV. _tSymbols for trouble -- _gVI. _tBloodhounds for hire -- _gVII. _tDetour -- _gVIII. _tThe blond Sally Surett -- _gIX. _tDifference of opinion -- _gX. _tBronze shadow -- _gXI. _tThe publicity box -- _gXII. _tCaptain Scuttle -- _gXIII. _tMillion-dollar treasure -- _gXIV. _tScorn Island -- _gXV. _tTreasure ship -- _gXVI. _tNarrow margins. |
| 856 | 4 | 1 |
_uhttp://www.archive.org/details/piratesghost00robe _zFree eBook from the Internet Archive |
| 856 | 4 | 2 |
_uhttp://www.openlibrary.org/books/OL24595449M _zAdditional information and access via Open Library |
| 942 | _cEB | ||
| 506 | _fНеобхідна авторизація на https://archive.org/ (створення облікового запису безкоштовно) | ||
| 506 | _fНеобхідна авторизація на https://openlibrary.org/ (створення облікового запису безкоштовно) | ||
| 999 |
_c536923 _d536923 |
||